LEADER 01367nam a2200241 4500 001 000000337320 003 CaOOAMICUS 005 20191021101328.0 008 191021s1819 it 000 u ita r 040 $aSeMil$bita 100 11$aRechberger, Georg,$d<1758-1808>.$0(OLS)http://semarc/name/12861 240 10$aHandbuch des österreichischen Kirchenrechts.$0(OLS)http://semarc/title/426306 245 00$aManuale del gius ecclesiastico austriaco di Giorgio Rechberger ... Prima traduzione in idioma italiano. Tomo 1. [-2.]. 264 1$aVenezia :$bPer Francesco Andreola I.R. tipografo privilegiato dell' E.G.,$c1819. 300 $a2 v. ;$c8° 650 4$aDiritto ecclesiastico - Austria.$0(OLS)http://semarc/subject/48763 700 1 $aAndreola, Francesco,$c.$0(OLS)http://semarc/name/2709 752 $aIT$dVenezia 774 0 $tTomo 1.$dVenezia : Per Francesco Andreola I.R. tipografo privilegiato dell' E.G., 1819.$w()337323 774 0 $tTomo 2.$dVenezia : Per Francesco Andreola I.R. tipografo privilegiato dell' E.G., 1819.$w()337324 996 $6245$aManuale del gius ecclesiastico austriaco di Giorgio Rechberger ... Prima traduzione in idioma italiano. Tomo 1. [-2.]$9(OLS)http://semarc/title/426305 996 $6264$aVenezia :$bPer Francesco Andreola I.R. tipografo privilegiato dell' E.G.$9(OLS)http://semarc/publisher/58624 LEADER 01228nam a2200301 4500 001 000000354136 003 CaOOAMICUS 005 20230612112605.0 008 230609s2023 it 000 u ita r 020 $a978-88-514-2687-3 040 $aSeMil$bita 100 1 $aAramini, Michele,$c.$0(OLS)http://semarc/name/26298 245 10$aFigli, no grazie? :$boltre l'inverno demografico /$cMichele Aramini. 264 1$aMilano :$bĀncora,$c2023. 300 $a164 p. ;$c21 cm 490 1 $aFocus 541 0 $aOmaggio mons. Mario Delpini 650 4$aDemografia - Sec. 20.-21. - Concezione cristiana.$0(OLS)http://semarc/subject/53855 650 4$aPolitica demografica.$0(OLS)http://semarc/subject/53854 830 0$aFocus.$0(OLS)http://semarc/title/25702 850 $aSeMil 852 $aSeMil$W1$xVenegono$y1$m2E IV 285$j241329$B245378$CSeMilBibl$Z2$F245378 $81 941 1 $a7 961 $aOmaggio mons. Mario Delpini 996 $6020$a978-88-514-2687-3$9(OLS)http://semarc/number/298305 996 $6245$aFigli, no grazie? :$boltre l'inverno demografico$9(OLS)http://semarc/title/444271 996 $6264$aMilano :$bĀncora$9(OLS)http://semarc/publisher/29763 LEADER 01219nam a2200277 i 4500 001 000000348857 003 CaOOAMICUS 005 20260205145300.0 008 211210s2021 it u000 u ita u 013 $a79106 020 $a978-88-6894-487-2 040 $aSeMil$bita 100 1 $aMoioli, Giovanni,$d<1931-1984>.$0(OLS)http://semarc/name/511 245 10$aGuida allo studio teologico della spiritualitā cristiana /$cGiovanni Moioli. 264 1$aMilano :$bCentro Ambrosiano,$c2021. 300 $a429 p. ;$c22 cm. 650 4$aCristianesimo - Spiritualitā.$0(OLS)http://semarc/subject/2807 650 4$aTeologia cattolica.$0(OLS)http://semarc/subject/2294 830 0$aOpera omnia di Giovanni Moioli ;$v2.$0(OLS)http://semarc/title/458051 850 $aSeMil 852 $aSeMil$W1$xVenegono$y1$m2YA G 2$j254790$B239954$CSeMilBibl$Z2$F239954 $81 961 $aOmaggio: ITL 996 $6020$a978-88-6894-487-2$9(OLS)http://semarc/number/294851 996 $6245$aGuida allo studio teologico della spiritualitā cristiana$9(OLS)http://semarc/title/438348 996 $6264$aMilano :$bCentro Ambrosiano$9(OLS)http://semarc/publisher/29766